000 00279nam a22001337a 4500
008 170405b xxu||||| |||| 00| 0 eng d
020 _a2900312410765
041 _aeng
080 _a574
100 _a9
101 _aSHM
245 _aENVIRONMENTALISM
_cSTOL.S
942 _2udc
_cBK
999 _c9780
_d9780